000 00329nam a22001337a 4500
008 181024b xxu||||| |||| 00| 0 eng d
020 _a9780312569433
041 _aeng
080 _a941
100 _a16
101 _aHIS
245 _aThe American ProMISE a History Of The United Sattes
_cJohnson.P
942 _2udc
_cBK
999 _c50871
_d50871